| 000 | 00671 a2200169 4500 | ||
|---|---|---|---|
| 003 | Nust | ||
| 005 | 20230126160014.0 | ||
| 040 | _cNust | ||
| 082 | _a842,STR | ||
| 100 |
_aStrong , L A G _9107265 |
||
| 245 |
_aChaucer to Ben Jonson / _cL. A. G.Strong |
||
| 260 |
_aLondon _bVictor Gollancz _c1932 |
||
| 300 | _a576:p | ||
| 505 | _aIntroduction (Page-9) Chaucer (Page-13), The Paston Letters (Page-33), Skelton (Page-45), The English Bible (Page-53), The Renaissance (Page-63), Spenser (Page-74), Marlowe (Page-88), Shakespeare (Page-120), Shakespeare (Page-139), Shakespeare (Page-154), Ben Jonson (Page-161). | ||
| 650 |
_aEnglish Literature _9318 |
||
| 942 |
_2ddc _cBK |
||
| 999 |
_c186071 _d186071 |
||